[Event "Pan American-ch U12 Girls"]
[Site "Guayaquil"]
[Date "2019.07.25"]
[Round "7"]
[White "Elangovan, Ramya"]
[Black "Da Cunha, Gabriela Goes"]
[Result "1-0"]
[WhiteElo "1432"]
[BlackElo "1517"]
[PlyCount "61"]
[EventDate "2019.07.21"]
[EventType "swiss"]
[EventRounds "9"]
[EventCountry "ECU"]
[SourceTitle "EXT 2020"]
[Source "ChessBase"]
[SourceDate "2019.10.17"]
[SourceVersion "1"]
[SourceVersionDate "2019.10.17"]
[SourceQuality "1"]

1. d4 d5 2. Nf3 Nc6 3. g3 Bg4 4. Bg2 Qd7 5. 0-0 0-0-0 6. Bf4 f6 7. Nbd2 h5 8. Nb3 e6 9. a4 g5 10. Be3 Qh7 11. h3 Bf5 12. Rc1 g4 13. hxg4 hxg4 14. Nh4 Nge7 15. Re1 Ng6 16. Nxf5 Qh2+ 17. Kf1 exf5 18. Qd2 Bd6 19. Qd3 Rh5 20. Bd2 Nce7 21. e3 Rdh8 22. Na5 c6 23. c4 Kb8 24. Qb3 b6 25. cxd5 cxd5 26. Nc6+ Nxc6 27. Qxd5 Nge7 28. Qxd6+ Kb7 29. Rxc6 Nxc6 30. Qxc6+ Ka6 31. Qb5# 1-0

[Event "Pan American-ch U12 Girls"]
[Site "Guayaquil"]
[Date "2019.07.24"]
[Round "6"]
[White "Velea, Stephanie"]
[Black "Elangovan, Ramya"]
[Result "1-0"]
[WhiteElo "1687"]
[BlackElo "1432"]
[PlyCount "101"]
[EventDate "2019.07.21"]
[EventType "swiss"]
[EventRounds "9"]
[EventCountry "ECU"]
[SourceTitle "EXT 2020"]
[Source "ChessBase"]
[SourceDate "2019.10.17"]
[SourceVersion "1"]
[SourceVersionDate "2019.10.17"]
[SourceQuality "1"]

1. e4 c5 2. Nf3 e6 3. g3 Nc6 4. Bg2 d5 5. exd5 exd5 6. d4 Nf6 7. 0-0 b6 8. Re1+ Be7 9. Bf4 Bg4 10. c3 Rc8 11. h3 Bh5 12. Qa4 Qd7 13. Nbd2 0-0 14. Ne5 Nxe5 15. Qxd7 Nexd7 16. Rxe7 Rfe8 17. Rae1 Rxe7 18. Rxe7 cxd4 19. g4 dxc3 20. bxc3 g5 21. Bxg5 Bg6 22. f4 Bc2 23. Bxd5 Nxd5 24. Rxd7 Nxc3 25. Rxa7 Ne4 26. Nxe4 Bxe4 27. Ra6 b5 28. Rb6 Bd3 29. Kf2 Re8 30. f5 Bc4 31. a3 Ra8 32. Bh6 Rc8 33. h4 Bd3 34. Ke3 Bc4 35. Kf4 Re8 36. Kg5 Be2 37. Kf4 Bc4 38. g5 Bd3 39. h5 Ra8 40. g6 fxg6 41. hxg6 hxg6 42. fxg6 Bxg6 43. Rxg6+ Kh7 44. Rb6 Ra4+ 45. Kg5 Rxa3 46. Rb7+ Kh8 47. Rxb5 Rg3+ 48. Kf5 Rf3+ 49. Kg6 Rg3+ 50. Bg5 Rh3 51. Rb8# 1-0

[Event "Pan American-ch U12 Girls"]
[Site "Guayaquil"]
[Date "2019.07.22"]
[Round "3"]
[White "Elangovan, Ramya"]
[Black "Artieda Berru, Ariadna Amely"]
[Result "1-0"]
[WhiteElo "1432"]
[BlackElo "1308"]
[PlyCount "95"]
[EventDate "2019.07.21"]
[EventType "swiss"]
[EventRounds "9"]
[EventCountry "ECU"]
[SourceTitle "EXT 2020"]
[Source "ChessBase"]
[SourceDate "2019.10.17"]
[SourceVersion "1"]
[SourceVersionDate "2019.10.17"]
[SourceQuality "1"]

1. d4 d5 2. Nf3 e6 3. g3 f5 4. Bg2 Bd6 5. 0-0 Nf6 6. c4 c6 7. Nbd2 0-0 8. Qc2 Qe7 9. Ne1 Nbd7 10. Ndf3 b6 11. Nd3 Ne4 12. Bf4 Bxf4 13. Nxf4 Bb7 14. Nd3 Rac8 15. Rfe1 Ba6 16. Nfe5 Nxe5 17. Nxe5 Nd6 18. b3 Nf7 19. Nxf7 Qxf7 20. Rac1 Rfd8 21. Qb2 Rd7 22. cxd5 exd5 23. Rc2 c5 24. dxc5 bxc5 25. Qa3 Qe6 26. Rxc5 Rxc5 27. Qxc5 Qd6 28. Qxd6 Rxd6 29. Bf3 Kf7 30. Rc1 Rd7 31. Kf1 Bb7 32. Ke1 Ke6 33. Kd2 Kd6 34. Kd3 Ke5 35. Rc5 Kd6 36. Kd4 Ke6 37. a4 g6 38. b4 Ba8 39. b5 Bb7 40. a5 Ba8 41. h4 Bb7 42. a6 Ba8 43. Bg2 Rd8 44. Rc7 h6 45. Rxa7 Rb8 46. Rxa8 Rxb5 47. Re8+ Kd7 48. a7 1-0

[Event "Wch U10 Girls"]
[Site "Santiago de Compostela"]
[Date "2018.11.13"]
[Round "9"]
[White "Szczotka, Klara"]
[Black "Elangovan, Ramya"]
[Result "1-0"]
[WhiteElo "1581"]
[BlackElo "1352"]
[PlyCount "155"]
[EventDate "2018.11.04"]
[EventType "swiss"]
[EventRounds "11"]
[EventCountry "ESP"]
[SourceTitle "EXT 2022"]
[Source "ChessBase"]
[SourceDate "2021.10.06"]
[SourceVersion "1"]
[SourceVersionDate "2021.10.06"]
[SourceQuality "1"]

1. e4 c5 2. Nf3 e6 3. d4 cxd4 4. Nxd4 Nc6 5. Nb5 d6 6. c4 a6 7. N5c3 Nf6 8. Na3 Be7 9. Nc2 Qc7 10. Be3 Ne5 11. Qe2 b6 12. f4 Ned7 13. Bd2 Bb7 14. g3 Rc8 15. Rc1 Nc5 16. Bg2 Ncd7 17. b3 h6 18. 0-0 0-0 19. h3 Rcd8 20. Kh2 Nc5 21. Rcd1 Rd7 22. b4 Ncxe4 23. Nxe4 Nxe4 24. Bxe4 Bxe4 25. Qxe4 d5 26. cxd5 Rxd5 27. Ne3 Rd7 28. Qf3 Rfd8 29. Qe2 Rd3 30. Bc1 Rxd1 31. Rxd1 Rxd1 32. Qxd1 Bxb4 33. Bb2 Bc5 34. Ng4 b5 35. Qd3 Bb4 36. h4 Qc5 37. a3 Ba5 38. Qd4 Qxd4 39. Bxd4 b4 40. axb4 Bxb4 41. Kg2 f6 42. Kf3 Kf7 43. Nf2 Ke7 44. Nd3 a5 45. Nxb4 axb4 46. Bc5+ Kd7 47. Bxb4 e5 48. fxe5 fxe5 49. Bf8 g5 50. h5 Ke6 51. Ke4 Kf6 52. Bxh6 g4 53. Bd2 Ke6 54. h6 Kf6 55. Kd5 e4 56. Kxe4 Kg6 57. Ke5 Kh7 58. Kf5 Kh8 59. Bc3+ Kh7 60. Kg5 Kg8 61. Kg6 Kf8 62. h7 Ke7 63. h8Q Ke6 64. Qe8+ Kd6 65. Qe5+ Kd7 66. Kf7 Kc6 67. Qd4 Kc7 68. Qd5 Kb6 69. Qc4 Kb7 70. Qc5 Ka6 71. Bd4 Kb7 72. Ke7 Kb8 73. Ba1 Kb7 74. Kd7 Ka8 75. Qb5 Ka7 76. Bd4+ Ka8 77. Qa6+ Kb8 78. Qa7# 1-0